000 00702nam a2200193Ia 4500
999 _c42470
_d42470
001 9166
003 GE_BSU
005 20240607174922.0
008 181216s1985||||ru |||||||||||||| ||rus||
040 _cGE_BSU
041 _arus
080 _a615.834 К-93
245 _aКурортология и физиотерапия : Т.1 В 2-х томах /
_cПод ред. В. М. Боголюбова ; Ред. сост. В. Д. Григорьева.
264 _aМосква :
_bМедицина,
_c1985.
300 _a560 стр. ;
_c22 см.
520 _aПредметный указатель стр. : 556-560
653 _aКурортология и физиотерапия
942 _cBK
_2udc